Statistics for Former Countries of the Spanish Empire

Click here to take the quiz!

General Stats

  • This quiz has been taken 24 times
  • The average score is 25 of 32

Answer Stats

Country% Correct
Argentina
95%
Bolivia
95%
Costa Rica
95%
Dominican Republic
95%
Honduras
95%
Mexico
95%
Panama
95%
Peru
95%
Chile
91%
Colombia
91%
Cuba
91%
Guatemala
91%
Morocco
91%
Paraguay
91%
Uruguay
91%
Ecuador
86%
Philippines
86%
United States
86%
Venezuela
86%
Nicaragua
82%
Spain
82%
Equatorial Guinea
73%
France
73%
Haiti
68%
Italy
68%
Netherlands
64%
Trinidad and Tobago
64%
Belgium
59%
Jamaica
59%
Luxembourg
50%
F.S of Micronesia
23%
Palau
23%

Score Distribution

Percentile by Number Answered

Percent of People with Each Score

Your Score History

You have not taken this quiz